000 00535nam a2200193Ia 4500
008 240510s9999 xx 000 0 und d
020 _a10:818404397X
041 _aEng
082 _a006.76
082 _bC31
100 _aCHAFFER, Jonathan : SWEDBERG: Karl
245 0 _aLearning jQuery:Better Interaction Design and Web Development with Simple JavScript Techniques
260 _bUK :PackjPublishing
260 _c2007
300 _a359 p.
650 _aWeb application Development :jQuery
942 _2ddc
942 _cRBK
999 _c28479
_d28479
945 _a1
_bMadushi Gamage
_c1
_dMadushi Gamage